Southville International School and Colleges
Your cart is empty.
  • Cart
  • Lists
    Public lists list_1 View all
    Your lists Log in to create your own lists
  • Log in to your account
  • Your cookies
  • Search history
Southville International School and Colleges
  • Advanced search
  • Recent comments
  • Most popular
  • Libraries

Log in to your account

Log in with GOOGLE


If you do not have an external account, but do have a local account, you can still log in:

  1. Home
  2. MARC view: Ethics and psychology :
Normal view MARC view ISBD view

Ethics and psychology : (Record no. 305267)

[ view plain ]
MARC details
000 -LEADER
fixed length control field 01249cam a2200325 i 4500
001 - CONTROL NUMBER
control field 18838747
003 - CONTROL NUMBER IDENTIFIER
control field SISC
005 - DATE AND TIME OF LATEST TRANSACTION
control field 20161115134841.0
008 - FIXED-LENGTH DATA ELEMENTS--GENERAL INFORMATION
fixed length control field 151030s2016 enk b 001 0 eng
010 ## - LIBRARY OF CONGRESS CONTROL NUMBER
LC control number 2015042645
020 ## - INTERNATIONAL STANDARD BOOK NUMBER
International Standard Book Number 9780415686709 (hardback : alk. paper)
020 ## - INTERNATIONAL STANDARD BOOK NUMBER
International Standard Book Number 9780415686693 (pbk. : alk. paper)
020 ## - INTERNATIONAL STANDARD BOOK NUMBER
Cancelled/invalid ISBN 9781315625218 (e-book)
040 ## - CATALOGING SOURCE
Original cataloging agency DLC
Language of cataloging eng
Transcribing agency DLC
Description conventions rda
Modifying agency DLC
042 ## - AUTHENTICATION CODE
Authentication code pcc
050 00 - LIBRARY OF CONGRESS CALL NUMBER
Classification number BF 47
Item number .N45 2016
082 00 - DEWEY DECIMAL CLASSIFICATION NUMBER
Classification number 170.1/9
100 1# - MAIN ENTRY--PERSONAL NAME
Personal name Neill, Calum,
Dates associated with a name 1968-
Relator term author.
245 10 - TITLE STATEMENT
Title Ethics and psychology :
Remainder of title beyond codes of practice /
Statement of responsibility, etc Calum Neill.
260 ## - PUBLICATION, DISTRIBUTION, ETC. (IMPRINT)
Place of publication, distribution, etc New York :
Name of publisher, distributor, etc Routledge,
Date of publication, distribution, etc 2016.
300 ## - PHYSICAL DESCRIPTION
Extent xi, 123 pages ;
Dimensions 23 cm.
490 0# - SERIES STATEMENT
Series statement Concepts for critical psychology
504 ## - BIBLIOGRAPHY, ETC. NOTE
Bibliography, etc Includes bibliographical references and index.
505 0# - FORMATTED CONTENTS NOTE
Formatted contents note Conjunctions -- A familiar scene -- Culture -- Nature -- Consequences -- The good will -- Phronesis -- Limits of reason -- Agency -- Beyond unity -- Negative capability -- Poiesis.
650 #0 - SUBJECT ADDED ENTRY--TOPICAL TERM
Topical term or geographic name as entry element Psychology.
650 #0 - SUBJECT ADDED ENTRY--TOPICAL TERM
Topical term or geographic name as entry element Ethics
General subdivision Psychological aspects.
906 ## - LOCAL DATA ELEMENT F, LDF (RLIN)
a 7
b cbc
c orignew
d 1
e ecip
f 20
g y-gencatlg
942 ## - ADDED ENTRY ELEMENTS (KOHA)
Source of classification or shelving scheme Library of Congress Classification
Koha item type Books
Holdings
Withdrawn status Lost status Source of classification or shelving scheme Damaged status Home library Current library Shelving location Date acquired Source of acquisition Total Checkouts Total Renewals Full call number Barcode Date last seen Date checked out Price effective from Koha item type
    Library of Congress Classification   College Library College Library Graduate Section 11/15/2016 Library Fund 1 4 BF 47 .N45 2016 C20783 11/28/2017 10/23/2017 11/15/2016 Books

Ethics and psychology :

APA

Neill C., . (2016). Ethics and psychology. New York: Routledge.

Chicago

Neill Calum, . 2016. Ethics and psychology. New York: Routledge.

Harvard

Neill C., . (2016). Ethics and psychology. New York: Routledge.

MLA

Neill Calum, . Ethics and psychology. New York: Routledge. 2016.

  • Place hold
  • Print
  • Cite
  • Add to your cart (remove)
  • Save record
    BIBTEX Dublin Core MARCXML MARC (non-Unicode/MARC-8) MARC (Unicode/UTF-8) MARC (Unicode/UTF-8, Standard) MODS (XML) RIS
  • More searches
    Search for this title in:
    Other Libraries (WorldCat) Other Databases (Google Scholar) Online Stores (Bookfinder.com) Open Library (openlibrary.org)

Exporting to Dublin Core...

SOUTHVILLE LIBRARY

Southville International School and Colleges Library

1281 Tropical Ave. Cor. Luxembourg St., BF Homes International, Las Pinas City

Tel. No. 8256374 / 252358 Loc. 117/146

Powered by Koha